Finał Ligi Mistrzów 2013 - składy (Bayern-Borrusia) - Statystyki

Ogólne statystyki
  • Ten quiz został rozwiązany 1 854 razy
  • Średni wynik to 18 z 24
Statystyki odpowiedzi
Bayern Zawodnik % Poprawnych
N#9 Robert Lewandowski
98%
BR#1 Manuel Neuer
97%
PO#26 Łukasz Piszczek
96%
PS#10 Arjen Robben
93%
LS#7 Franck Ribéry
92%
PS#16 Jakub Błaszczykowski
92%
PO#21 Philipp Lahm
90%
SO#15 Mats Hummels
89%
ŚO#17 Jérôme Boateng
88%
SPO#11 Marco Reus
85%
Trener Jürgen Klopp
84%
ŚPO#25 Thomas Müller
84%
N#9 Mario Mandžukić
77%
LO#27 David Alaba
75%
BR#1 Roman Weidenfeller
70%
ŚP#8 İlkay Gündoğan
66%
LO#29 Marcel Schmelzer
66%
ŚO#4 Neven Subotić
62%
ŚP#31 Bastian Schweinsteiger
60%
Trener Jupp Heynckes
51%
ŚO#4 Dante
49%
LS#19 Kevin Großkreutz
35%
ŚP#6 Sven Bender
34%
ŚP#8 Javi Martínez
22%
Nie znaleziono quizów pasujących do podanych kryteriów
Rozkład punktacji
Procent ludzi z każdym wynikiem
Percentyl według liczby udzielonych odpowiedzi
Twoja historia wyników
Nie rozwiązałeś tego quizu